The polítical economy of a tax reform (Registro nro. 25749)

Detalles MARC
000 -LEADER
fixed length control field 00362 a2200121 4500
001 - CONTROL NUMBER
control field ART_11698
005 - DATE AND TIME OF LATEST TRANSACTION
control field 20260410161859.0
008 - FIXED-LENGTH DATA ELEMENTS--GENERAL INFORMATION
fixed length control field 260409a
100 1# - MAIN ENTRY--PERSONAL NAME
Personal name Bruno, Michael
245 10 - TITLE STATEMENT
Title The polítical economy of a tax reform
700 1# - ADDED ENTRY--PERSONAL NAME
Personal name Ben-Porath, Yoram
773 0# - HOST ITEM ENTRY
Title Journal of public economics
Related parts - Vol. 7, Nº 3 (jun. 1977)
Record control number REV11485

No hay ítems disponibles.